Jánošík zmení fazónu, kultúra profesionálnu úroveň

Bibliographic Details
Main Author: Podhorská, Kveta (Author)
Format: Article
Language:Slovak
PhysicalDescription:Fotogr.
ISSN:1335-4566
Subjects:

MARC

LEADER 00000nab a2200000 a 4500
001 vtls008425912
003 SK-MaSNL
005 20260303065932.0
008 060124c20050819xo drz 0 0slo
038 |a KEVKJB 
040 |a KEVKJB  |b slo  |c KEVKJB  |e AACR2 
041 0 |a slo 
044 |a xo  |c SK 
080 |a 725.8  |2 UDC-MRF-SK2 
100 1 |a Podhorská, Kveta  |4 aut  |9 872973 
245 1 0 |a Jánošík zmení fazónu, kultúra profesionálnu úroveň  |c Kveta Podhorská 
300 |b Fotogr. 
610 2 7 |a Jánošík (kultúrny dom : Košice-Vyšné Opátske, Slovensko)  |2 kevkjb  |9 1066660 
650 0 7 |a kultúrne domy  |2 kevkjb  |9 73211 
651 7 |a Vyšné Opátske (Košice IV, Slovensko)  |2 kevkjb  |9 29108 
651 7 |a Košice (Slovensko)  |2 kevkjb  |9 18694 
773 0 |t Košický denník Korzár  |g Roč. VIII, č. 193 (19.8.2005), s. 2  |x 1335-4566 
852 |a KEVKJB  |b KIS3GCP 
999 |c 1753318  |d 1755248